000 00414nam a2200181Ia 4500
001 23807
005 20260414151002.0
008 260414t2013||||xx |||||||||||||| ||spa||
041 _aESP
082 _a709.85
_bL49
100 _aLerner, Sharon
_eAUT
245 0 _aArte contemporáneo
_b
260 _c2013
300 _a380 páginas :
_c25 cm.
650 _aABD
654 _aCAU
942 _cLIB
_dJUS
_fJUS
_2ddc
_n
999 _c23807
_d23807